10 Most-Visited US States - Statistics

General Stats
  • This quiz has been taken 37 times
  • The average score is 7 of 10
Answer Stats
Hint Answer % Correct
271.1 million California
100%
306.3 million New York
100%
122 million Texas
94%
142.9 million Florida
87%
120.5 million New Jersey
65%
196.6 million Pennsylvania
65%
171 million Georgia
61%
128.3 million Michigan
55%
238 million Ohio
52%
144 million Tennessee
39%
No matching quizzes found
Score Distribution
Percent of People with Each Score
Percentile by Number Answered
Your Score History
You have not taken this quiz